Devine la chanson #2 - Statistiques

Statistiques générales
  • Ce quiz a été pris 360 fois
    350 depuis la dernière actualisation
  • Le résultat moyen est 128 sur 284
Statistiques - réponses
Paroles % Correct
À
96%
a
96%
je
96%
le
93%
la
90%
Il
88%
il
88%
ma
81%
de
80%
De
80%
Et
77%
les
76%
ou
72%
Un
72%
un
72%
se
69%
en
68%
une
68%
des
64%
Des
64%
jour
63%
du
60%
beau
58%
dans
56%
Dans
56%
sur
56%
moi
55%
nuit
54%
que
52%
Pour
50%
pour
50%
mes
49%
son
48%
au
47%
Quand
47%
l'ai
46%
noir
46%
Comme
45%
L'aigle
43%
l'aigle
43%
Barbara
42%
L'aigle noir
42%
peut-être
42%
aigle
40%
ciel
40%
part
39%
cou
37%
endormie
37%
lac
36%
Près
36%
soudain
36%
d'un
35%
m'étais
35%
Surgit
35%
surgit
35%
C'est
33%
yeux
33%
main
31%
nulle
30%
avait
29%
Être
28%
alors
27%
semblant
27%
vis
26%
bleu
25%
venant
25%
couleur
24%
crever
24%
faire
23%
rêves
23%
bec
22%
joue
22%
ailes
21%
Dis
20%
dis
20%
passé
20%
touché
20%
L'oiseau
19%
l'oiseau
19%
poser
19%
reconnu
19%
rubis
19%
soleil
19%
blanc
18%
déployées
18%
glissé
18%
plumes
18%
Surgissant
18%
tournoyer
18%
avant
17%
bruissement
17%
d'ailes
17%
nuage
17%
revenu
17%
vint
17%
Lentement
16%
roi
16%
vol
16%
m'était
15%
tombé
15%
couronné
14%
diamant
14%
pays
14%
d'enfant
13%
Portait
13%
Prit
13%
étoiles
12%
front
12%
oh
12%
pluie
12%
brillant
11%
d'autrefois
11%
emmène-moi
11%
feux
11%
mille
11%
venait
11%
était-ce
10%
Retournons
10%
merveilles
9%
regagner
9%
cueillir
8%
faiseur
8%
allumer
7%
tremblant
7%
Aucun quiz correspondant
Distribution des résultats
% des personnes avec chaque résultat
Percentile par nombre de réponses
Votre historique - résultats
Vous n’avez pas pris ce quiz depuis la dernière actualisation